000 00776cam a22002054a 4500
008 020912s2002 njua b 001 0 eng
020 _a9780471265795
_qhbk
041 _aeng
082 0 0 _a332.6
_bBRE
100 1 _aBrennan, Jack,
245 1 0 _aStraight talk on investing :
_bwhat you need to know /
_cJack Brennan ; with Marta McCave.
260 _aHoboken, N.J. :
_bJ. Wiley,
_cc2002.
300 _axiv, 239 p. :
_bill. ;
_c24 cm.
504 _aIncludes bibliographical references (p. 233-234) and index.
650 0 _aInvestments.
856 4 2 _uhttp://www.loc.gov/catdir/bios/wiley045/2002014899.html
856 4 2 _uhttp://www.loc.gov/catdir/description/wiley038/2002014899.html
856 4 1 _uhttp://www.loc.gov/catdir/toc/wiley031/2002014899.html
942 _cENGLISH
999 _c567315
_d567315